| 000 | 00396nam a2200169Ia 4500 | ||
|---|---|---|---|
| 008 | 230524s9999 xx 000 0 und d | ||
| 020 | _a9780070702172 | ||
| 082 |
_a530 _bCRA |
||
| 100 | _aFrank S Crawford Jr. | ||
| 245 | 0 | _aWaves (In SI Units) | |
| 250 | _a1 | ||
| 260 |
_aChennai _bMGH _c2016 |
||
| 300 | _a"XXX,626p;" | ||
| 500 | _aQuantity Number: 2 | ||
| 650 | _aPhysics | ||
| 942 | _cBK | ||
| 999 |
_c58320 _d58320 |
||